<?xml version="1.0" encoding="UTF-8"?>
<record
    xmlns:xsi="http://www.w3.org/2001/XMLSchema-instance"
    xsi:schemaLocation="http://www.loc.gov/MARC21/slim http://www.loc.gov/standards/marcxml/schema/MARC21slim.xsd"
    xmlns="http://www.loc.gov/MARC21/slim">

  <leader>02351nam a22002897a 4500</leader>
  <controlfield tag="005">20230803100136.0</controlfield>
  <controlfield tag="008">230801b           ||||| |||| 00| 0 eng d</controlfield>
  <datafield tag="020" ind1=" " ind2=" ">
    <subfield code="a">9789392099564</subfield>
  </datafield>
  <datafield tag="040" ind1=" " ind2=" ">
    <subfield code="c">AL</subfield>
  </datafield>
  <datafield tag="041" ind1=" " ind2=" ">
    <subfield code="a">English</subfield>
  </datafield>
  <datafield tag="082" ind1=" " ind2=" ">
    <subfield code="2">23</subfield>
    <subfield code="a">796.358092</subfield>
    <subfield code="b">MAJS</subfield>
  </datafield>
  <datafield tag="100" ind1=" " ind2=" ">
    <subfield code="a">Boria Majumdar</subfield>
    <subfield code="9">129189</subfield>
  </datafield>
  <datafield tag="245" ind1=" " ind2=" ">
    <subfield code="a">Sachin@50 : Celebrating a Maestro</subfield>
  </datafield>
  <datafield tag="260" ind1=" " ind2=" ">
    <subfield code="a">London</subfield>
    <subfield code="b">Simon and Schuster</subfield>
    <subfield code="c">2023</subfield>
  </datafield>
  <datafield tag="300" ind1=" " ind2=" ">
    <subfield code="a">300 p.</subfield>
    <subfield code="b">PB</subfield>
    <subfield code="c">21x14 cm.</subfield>
  </datafield>
  <datafield tag="365" ind1=" " ind2=" ">
    <subfield code="a">BLCR-000027</subfield>
    <subfield code="b">&#x20B9;399.00</subfield>
    <subfield code="c">&#x20B9;</subfield>
    <subfield code="d">&#x20B9;499.00</subfield>
    <subfield code="e">20%</subfield>
    <subfield code="f">15-07-2023</subfield>
  </datafield>
  <datafield tag="520" ind1=" " ind2=" ">
    <subfield code="a">For more than two generations of Indians, and cricket fans from elsewhere, Sachin Tendulkar is a name that opened doors and hearts wherever you were on the planet. Even in the days before the social media revolution, Sachin was a truly global icon. It didn&#x2019;t matter if you were in Sydney or South Africa, Kolkata or Kingston, Sachin&#x2019;s name was a conversation starter.

The teenage wonder who exploded into the global consciousness with his bloodied nose in Pakistan in 1989, before becoming the greatest batting sensation ever, transcended the boundaries of sport. As with Jesse Owens, Ali, Pele and Maradona, Sachin&#x2019;s role in making Indian cricket a household phenomenon globally can never be underestimated.

It was not just the runs he scored. It was the manner in which he scored them &#x2013; with matchless flair, scoring 100 international hundreds in the process.

How do we celebrate Sachin on his 50th birthday? The prodigy with the baby voice, scoring hundreds in abundance with the exuberance of the teenager that he was then? The legend who won India many a close encounter? Or the genius around whom a very good Indian side was built in the 1990s?

For a generation of fans who grew up in the 1980s and 90s, it was always Sachin and then daylight. Many of them have also passed on now, but the stories they shared with their children will always remain. On his 50th birthday it is time to add to these stories. The very best from India and beyond on the man they adore.</subfield>
  </datafield>
  <datafield tag="650" ind1=" " ind2=" ">
    <subfield code="a">Cricket</subfield>
    <subfield code="9">128977</subfield>
  </datafield>
  <datafield tag="650" ind1=" " ind2=" ">
    <subfield code="a">Sports</subfield>
    <subfield code="9">129190</subfield>
  </datafield>
  <datafield tag="650" ind1=" " ind2=" ">
    <subfield code="a">Sachins Team mates And Opponents</subfield>
    <subfield code="9">129188</subfield>
  </datafield>
  <datafield tag="650" ind1=" " ind2=" ">
    <subfield code="a">World of Arts</subfield>
    <subfield code="9">128981</subfield>
  </datafield>
  <datafield tag="650" ind1=" " ind2=" ">
    <subfield code="a">Ajit Tendulkar </subfield>
    <subfield code="9">128984</subfield>
  </datafield>
  <datafield tag="700" ind1=" " ind2=" ">
    <subfield code="a">MAJUMDAR (Boria)</subfield>
    <subfield code="9">128985</subfield>
  </datafield>
  <datafield tag="700" ind1=" " ind2=" ">
    <subfield code="a">SARKAR (Kushan) ed</subfield>
    <subfield code="9">128986</subfield>
  </datafield>
  <datafield tag="700" ind1=" " ind2=" ">
    <subfield code="a">BASU (Arani) ed</subfield>
    <subfield code="9">128987</subfield>
  </datafield>
  <datafield tag="942" ind1=" " ind2=" ">
    <subfield code="2">ddc</subfield>
    <subfield code="c">BK</subfield>
  </datafield>
  <datafield tag="999" ind1=" " ind2=" ">
    <subfield code="c">228203</subfield>
    <subfield code="d">228203</subfield>
  </datafield>
  <datafield tag="952" ind1=" " ind2=" ">
    <subfield code="0">0</subfield>
    <subfield code="1">0</subfield>
    <subfield code="2">ddc</subfield>
    <subfield code="4">0</subfield>
    <subfield code="7">0</subfield>
    <subfield code="8">OTH</subfield>
    <subfield code="a">AL</subfield>
    <subfield code="b">AL</subfield>
    <subfield code="d">2023-07-24</subfield>
    <subfield code="e">Navakarnataka Publications Pvt Ltd Mangaluru 575001</subfield>
    <subfield code="g">399.00</subfield>
    <subfield code="l">0</subfield>
    <subfield code="o">796.358092 MAJS</subfield>
    <subfield code="p">076609</subfield>
    <subfield code="r">2023-08-01 00:00:00</subfield>
    <subfield code="v">499.00</subfield>
    <subfield code="w">2023-08-01</subfield>
    <subfield code="y">BK</subfield>
  </datafield>
</record>
